| 000 | 00855nam a22002417a 4500 | ||
|---|---|---|---|
| 999 |
_c7000 _d7000 |
||
| 005 | 20251125232811.0 | ||
| 008 | s2535 th tha d | ||
| 040 | _aNALT | ||
| 041 | _atha | ||
| 050 |
_aDS578.32 _bค521ก76 |
||
| 100 | 0 | _aคึกฤทธิ์ ปราโมช, ม.ร.ว. | |
| 245 | 1 | 0 | _aเกร็ดชีวิต 81 ปี คึกฤทธิ์ ปราโมช |
| 260 | 3 |
_a[กรุงเทพฯ] : _bสยามรัฐ, _c2535 |
|
| 300 |
_a194 หน้า : _bภาพประกอบ |
||
| 650 | 0 | 4 | _aขนมปัง |
| 650 | 0 | 4 | _aคุกกี้ |
| 650 | 0 | 4 | _aเค้ก |
| 650 | 0 | 4 | _aขนมอบ |
| 650 | 0 | 4 | _aคึกฤทธิ์ ปราโมช, ม.ร.ว., 2454--2538 |
| 850 | _aNALT | ||
| 856 | 4 | 0 |
_uhttps://hdl.handle.net/20.500.14156/401675 _71 |
| 942 |
_cGB _2lcc |
||